Sustainable urban drainage systems: design manual for England and Wales (Record no. 100792)

MARC details
000 -LEADER
fixed length control field 00939cam a2200313 4500
008 - FIXED-LENGTH DATA ELEMENTS--GENERAL INFORMATION
fixed length control field 000000n2000 000 0 eng u
020 ## - INTERNATIONAL STANDARD BOOK NUMBER
International Standard Book Number 0860175227
035 ## - SYSTEM CONTROL NUMBER
System control number (Sirsi) u108447
041 ## - LANGUAGE CODE
Language code of text/sound track or separate title eng
050 ## - LIBRARY OF CONGRESS CALL NUMBER
Classification number 627.4
110 ## - MAIN ENTRY--CORPORATE NAME
Corporate name or jurisdiction name as entry element Construction Industry Research and Information Association
9 (RLIN) 4810
245 ## - TITLE STATEMENT
Title Sustainable urban drainage systems: design manual for England and Wales
260 ## - PUBLICATION, DISTRIBUTION, ETC.
Place of publication, distribution, etc. London
Name of publisher, distributor, etc. CIRIA
Date of publication, distribution, etc. 2000
300 ## - PHYSICAL DESCRIPTION
Extent x,112p. : ill. ; 30cm.
350 ## - PRICE (NR) (BK AM CF MU VM SE) [OBSOLETE]
Price 90.00
490 ## - SERIES STATEMENT
Series statement CIRIA
Volume/sequential designation C522
520 ## - SUMMARY, ETC.
Summary, etc. Manual addressing the technical issues surrounding urban drainage systems being developed in England and Wales
650 ## - SUBJECT ADDED ENTRY--TOPICAL TERM
Topical term or geographic name entry element DRAINAGE SYSTEMS
650 ## - SUBJECT ADDED ENTRY--TOPICAL TERM
Topical term or geographic name entry element WATER
650 ## - SUBJECT ADDED ENTRY--TOPICAL TERM
Topical term or geographic name entry element DRAINAGE
650 ## - SUBJECT ADDED ENTRY--TOPICAL TERM
Topical term or geographic name entry element SUSTAINABLE URBAN DRAINAGE SYSTEMS
650 ## - SUBJECT ADDED ENTRY--TOPICAL TERM
Topical term or geographic name entry element SURFACE WATER
650 ## - SUBJECT ADDED ENTRY--TOPICAL TERM
Topical term or geographic name entry element DRAINS
650 ## - SUBJECT ADDED ENTRY--TOPICAL TERM
Topical term or geographic name entry element PONDS
650 ## - SUBJECT ADDED ENTRY--TOPICAL TERM
Topical term or geographic name entry element PAVEMENTS
650 ## - SUBJECT ADDED ENTRY--TOPICAL TERM
Topical term or geographic name entry element BASINS
690 ## - LOCAL SUBJECT ADDED ENTRY--TOPICAL TERM (OCLC, RLIN)
Topical term or geographic name as entry element BUILT ENVIRONMENT
942 ## - ADDED ENTRY ELEMENTS (KOHA)
Suppress in OPAC 0
Holdings
Withdrawn status Lost status Source of classification or shelving scheme Damaged status Not for loan Home library Current library Shelving location Date acquired Total Checkouts Full call number Barcode Date last seen Date last checked out Copy number Price effective from Koha item type
    Dewey Decimal Classification     London London Folio 26/09/2000 12 F627.4 CON 30062250 06/08/2019 11/04/2007 1 06/08/2019 Book